Les Donjons de Skyward Sword - Statistiques

Statistiques générales
  • Ce quiz a été pris 114 fois
  • Le résultat moyen est 5 sur 8
Statistiques - réponses
Nom du donjon % Correct
1 Temple de la Contemplation
89%
3 Raffinerie de Lanelle
82%
2 Temple de la Terre
78%
5 Galion des Sables
58%
4 Grande Caverne Antique
54%
7 Tour des Cieux
46%
6 Grand Sanctuaire Ancien
43%
Mini-donjon Repaire Pirate
13%
Aucun quiz correspondant
Distribution des résultats
% des personnes avec chaque résultat
Percentile par nombre de réponses
Votre historique - résultats
Vous n’avez pas pris ce quiz